Muslims in India Since Indipendence (Record no. 17182)

MARC details
000 -LEADER
fixed length control field 00657nam a2200241 a 4500
020 ## - INTERNATIONAL STANDARD BOOK NUMBER
ISBN
082 00 - DEWEY DECIMAL CLASSIFICATION NUMBER
Classification number 305.6297054
Author Cutter QUR1
100 ## - MAIN ENTRY--AUTHOR NAME
Author name Qureshi, M Hashim
245 ## - TITLE STATEMENT
Title Muslims in India Since Indipendence
Sub title a Regional Prespective
260 ## - PUBLICATION, DISTRIBUTION, ETC. (IMPRINT)
Place of publication Delhi
Name of publisher Institute of Objective Studies
Year of publication 1998
300 ## - PHYSICAL DESCRIPTION
Number of Pages 251p
500 ## - GENERAL NOTE
General note includes index and biblioraphy
505 2# - FORMATTED CONTENTS NOTE
Formatted contents note Refrences, Acknowledgements, Index
650 ## - SUBJECT ADDED ENTRY--TOPICAL TERM
Topical Term Muslims-India
942 ## - ADDED ENTRY ELEMENTS (KOHA)
Koha item type Books
700 1# -
-- Qureshi, M Hashim
Holdings
Collection code Home library Current library Date acquired Cost, normal purchase price Full call number Accession Number Koha item type
  Henry Martyn Institute Library Henry Martyn Institute Library 03/28/2007 250.00 305.6297054 QUR1 021236 Books
                   Copyright © 2026 | Henry Martyn Institute | Hyderabad | TS-500052 | INDIA | Implemented by hmi.edu.in
Hit-Count:

Powered by Koha